00801nam a22002177a 450000500170000001000150001702000260003203500140005803700090007208200130008110000290009424500750012325000060019826000390020427000790024330000250032270000380034794200270038599900190041295201520043120240904112526.0 aENG-141621 a9789354793172c650.00 aEN-125153 bDBAD 21a347.7 aBanerjee, Rajdeep970969 aLegal Aspects of Business/cBy Rajdeep Banerjee [and] Joyeeta Banerjee a1 aNew DelhibSage Publicationsc2022 aB1/I-1, Mohan Cooperative Industrial Area, Mathura RoadbNew Delhie110044 a347,I-10p.c23cm(pb) aBanerjee, Joyeeta eAuthor970963 2ddccENmBANh347.7e1 c205524d205524 001040708NFICaLbLd2024-09-04eDelivery of Books Act Divisiong650.00l0oBAN 347.7pEN-125153r2024-09-04 00:00:00t1v650.00w2024-09-04yEN